000 00487nam a22001697a 4500
005 20260312153703.0
008 260312b |||||||| |||| 00| 0 eng d
037 _cDSWL
040 _aDSWL
_cDSWL
041 _heng
100 _aChaman, Chandan
_91131883
245 _aSocial work perspectives and practice with homeless people's
260 _aDelhi,
_bDepartment of Social Work,
_c2016
300 _a68p
942 _2CC
_cTH
_n0
999 _c1715264
_d1715264